| 000 | 00335nam a22001337a 4500 | ||
|---|---|---|---|
| 008 | 181203b xxu||||| |||| 00| 0 eng d | ||
| 020 | _a9780534203702 | ||
| 041 | _aeng | ||
| 080 |
_24 TH _a311 |
||
| 100 | _a55 | ||
| 101 | _aSTA | ||
| 245 |
_aIntroductory Statistics For Mnagement And Economics _cKernkel.J.L |
||
| 942 |
_2udc _cBK |
||
| 999 |
_c52693 _d52693 |
||